| 000 | 00000nam##2200000za#4500 |
| 001 | 9.574504 |
| 003 | CaOODSP |
| 005 | 20210624184221 |
| 007 | cr ||||||||||| |
| 008 | 150406|2006||||xxc|||||o f|0| 0 eng|d |
| 040 | |aCaOODSP|beng |
| 043 | |an-cn--- |
| 086 | 1 |aTU3-5/06-8E-PDF |
| 110 | 2 |aTransportation Safety Board of Canada. |
| 245 | 10|aCollision with terrain - Niagara Air Tours Ltd. Cessna T207A C-GGQR, Pemberton, British Columbia, 8 nm NE, 18 May 2006 |h[electronic resource] |
| 260 | |aGatineau - Quebec : |bTransportation Safety Board of Canada |c2007. |
| 300 | |a15p.|bmap, table, photographs |
| 490 | 1 |aAviation investigation report |vA06P0087 |
| 500 | |a"The Board authorized the release of this report on 11 December 2007" --p.12. |
| 590 | |a12-33-Supp|b2012-07-18 |
| 775 | 08|tCollision avec le relief du Cessna T207A C-GGQR, exploité par Niagara Air Tours Ltd. à 8 nm au nord-est de Pemberton (Colombie-Britannique), le 18 mai 2006 |w(CaOODSP)9.604248 |
| 830 | #0|aAviation investigation report ;|vA06P0087|w(CaOODSP)9.504825 |
| 856 | 40|ahttp://publications.gc.ca|qPDF|s1.91 MB|uhttps://publications.gc.ca/collections/collection_2012/bst-tsb/TU3-5-06-8-eng.pdf|yA06P0087 |